000 01031nmm a2200301 a 4500
001 ocm0001162295
003 TR-IsHL
005 20201028154105.0
008 150709s2015 tu eng
007 cr cn
020 _a9781517362874
035 _a1162295
_b(N$T)
050 0 4 _aQ173
_b.W22 2015
090 0 4 _aQ173
_b.W22 2015
100 1 _aWarder, Geo. W.
245 1 0 _aInvisible light ; or The electric theory of creation.
_h[electronic resource] /
_cGeo. W. Warder
260 _aİstanbul :
_bE-Kitap Projesi,
_c2015
300 _a336 p.
500 _aPub. in 1898 (except the last two chapters) with title: The new cosmology; or, The electric theory of creation.
_x
650 4 _aMühendislik ve Teknoloji
650 4 _aEngineering and Technology
650 0 _aElektrik
650 0 _aElectricity
650 0 _aKreasyon
650 0 _aCreation
650 7 _aSCIENCE / Physics / Electricity
_2bisacsh
856 4 0 _uhttp://search.ebscohost.com/login.aspx?direct=true&scope=site&db=e011xww&AN=1162295
999 _c12391
_d12391